Noisia Discography - Statistics

General Stats
  • This quiz has been taken 4 times
  • The average score is 5 of 16
Answer Stats
Type Year Name % Correct
EP 2010 Split the Atom
100%
Album 2010 Split the Atom
100%
Collaborative Album 2013 I Am Legion
67%
Album 2016 Outer Edges
67%
Soundtrack 2013 DmC: Devil May Cry
33%
EP 2010 Machine Gun
33%
Remix Album 2017 Outer Edges: Remixes
33%
EP 2014 Purpose
33%
EP 2005 Block Control
0%
EP 2008 Collision
0%
Collaborative EP 2015 Dead Limit
0%
Mix Album 2008 FabricLive.40
0%
EP 2012 Imperial
0%
EP 2015 Incessant
0%
EP 2006 Lekker
0%
EP 2005 Monster
0%
No matching quizzes found
Score Distribution
Percent of People with Each Score
Percentile by Number Answered
Your Score History
You have not taken this quiz